000 01483nam a2200349 c 4500
999 _c194674
_d194674
003 BLK
005 20220217154007.0
008 180411b bul|||||r ||||||| ||bul||
010 _aKNG00203906000
040 _aBLK
041 _aBUL
_cBUL
080 _aСелско стопанство. Горско стопанство. Лов. Рибно стопанство
_b63
_x(497.2)
_z63(497.2)
080 _aСелски общини. Социология на селото. Аграрна социология
_b316.334.55
_x(497.2)
_z316.334.55(497.2)
139 _aБългарското село 1931 година
_bБ 92
245 1 0 _aБългарското село 1931 година
_bЮбил. сб.
257 _aBGR
260 _bБибл. Нашето село
_c1931
_fСофия : Пряпорец
300 _aLXX, 480, 120 с.
_bс портр.
_c38 см
380 _a63
650 4 _aСелско стопанство - България
_9269258
650 4 _aСела - България - социология
_9257352
650 4 _aБългария - стопанство - социология
_9271397
651 4 _aБългария
_9241624
653 _aселско стопанство
653 _aсела
653 _aаграрна социология
852 _aЦб 6.295.6875
852 _aК 63/Б 92
856 4 _qpdf
856 4 _qpdf
942 _cKNG
_n0
_s1
944 _aCR
_c27.03.2017
_lф /
_kВиолета_Тройчева
944 _aED
_c01.12.2017
_lф /
_kЛюдмила_Стоянова
999 _d194674